000
00210nam a2200097Ia 4500
008
120527s9999 xx 000 0 und d
100
_a
DFID
245
_a
Shaping forest manament.
260
_b
DFID
942
_c
BK
999
_c
23119
_d
23119